Music Quiz

Random Music or Billboard Quiz

10 or more #1 Hits Quiz Stats

Quiz not verified by Sporcle

Challenge
Share
Tweet
Embed
Score 0/154 Timer 15:00
0 Plays Today
Artist Song % Correct
MadonnaLike a Virgin
89.1%
MadonnaLike a Prayer
89.1%
Michael Jackson/Jackson 5ABC
85.5%
MadonnaVogue
81.8%
Michael Jackson/Jackson 5Billie Jean
80%
RihannaUmbrella
78.2%
Michael Jackson/Jackson 5Ben
78.2%
Whitney HoustonI Will Always Love You
76.4%
Stevie WonderSuperstition
76.4%
Michael Jackson/Jackson 5Beat It
76.4%
Michael Jackson/Jackson 5Bad
76.4%
George Michael/Wham!Wake Me Up Before You Go-Go
74.5%
The BeatlesHey Jude
74.5%
MadonnaPapa Don't Preach
70.9%
Michael Jackson/Jackson 5Black or White
70.9%
Elvis PresleyDon't
70.9%
George Michael/Wham!Faith
67.3%
The BeatlesLet it Be
67.3%
Stevie WonderI Just Called to Say I Love You
65.5%
The BeatlesHelp!
65.5%
The BeatlesYesterday
63.6%
Janet JacksonBlack Cat
61.8%
MadonnaMusic
61.8%
Whitney HoustonI Wanna Dance with Somebody
61.8%
Elvis PresleyHound Dog
61.8%
Diana Ross and the SupremesBaby Love
60%
Whitney HoustonGreatest Love of All
58.2%
Michael Jackson/Jackson 5Man in the Mirror
58.2%
The BeatlesI Want to Hold Your Hand
58.2%
Mariah CareyHero
56.4%
Elvis PresleyJailhouse Rock
56.4%
Michael Jackson/Jackson 5I Want You Back
54.5%
Michael Jackson/Jackson 5Rock With You
54.5%
George Michael/Wham!Careless Whisper
54.5%
The Beatles Love Me Do
54.5%
MadonnaTake a Bow
52.7%
RihannaTake a Bow
52.7%
Michael Jackson/Jackson 5I'll Be There
52.7%
Mariah CareyI'll Be There
52.7%
The BeatlesShe Loves You
52.7%
Janet JacksonEscapade
50.9%
Michael Jackson/Jackson 5Dirty Diana
50.9%
George Michael/Wham!Father Figure
50.9%
MadonnaCrazy for You
49.1%
Whitney HoustonHow Will I Know?
49.1%
Stevie WonderSir Duke
49.1%
Michael Jackson/Jackson 5Say Say Say
49.1%
Diana Ross and the SupremesStop! In the Name of Love
49.1%
Elvis PresleySuspicious Minds
49.1%
The BeatlesGet Back
49.1%
MadonnaOpen Your Heart
47.3%
Stevie WonderEbony and Ivory
47.3%
Artist Song % Correct
The BeatlesPaperback Writer
47.3%
RihannaSOS
45.5%
RihannaDisturbia
45.5%
Mariah CareyVision of Love
45.5%
Mariah CareyFantasy
45.5%
Madonna Live to Tell
43.6%
MadonnaJustify My Love
43.6%
Whitney HoustonExhale
43.6%
Stevie WonderPart-Time Lover
43.6%
Michael Jackson/Jackson 5Don't Stop 'Til You Get Enough
43.6%
The BeatlesPenny Lane
43.6%
Elvis PresleyHeartbreak Hotel
41.8%
Janet JacksonMiss You Much
40%
Janet JacksonAgain
40%
MadonnaThis Used to be My Playground
40%
Whitney HoustonSaving All My Love for You
40%
Stevie WonderFingertips
40%
RihannaDiamonds
40%
Michael Jackson/Jackson 5You Are Not Alone
40%
Mariah Carey Dreamlover
40%
Michael Jackson/Jackson 5I Just Can't Stop Loving You
38.2%
Michael Jackson/Jackson 5The Way You Make Me Feel
38.2%
Mariah CareyEmotions
38.2%
Elvis PresleyLove Me Tender
38.2%
The BeatlesA Hard Day's Night
38.2%
The BeatlesThe Long and Winding Road
38.2%
Janet JacksonLove Will Never Do
36.4%
Janet JacksonThat's the Way Love Goes
36.4%
Janet JacksonAll for You
36.4%
Madonna Who's that Girl?
36.4%
Whitney HoustonSo Emotional
36.4%
Stevie WonderYou Are the Sunshine of my Life
36.4%
RihannaWe Found Love
36.4%
Mariah CareySomeday
36.4%
Mariah CareyOne Sweet Day
36.4%
Mariah CareyWe Belong Together
36.4%
The BeatlesTicket to Ride
36.4%
The BeatlesAll You Need is Love
36.4%
The BeatlesHello Goodbye
36.4%
Stevie WonderThat's What Friends are For
34.5%
RihannaOnly Girl
34.5%
George Michael/Wham!Monkey
34.5%
The BeatlesEight Days a Week
34.5%
Whitney HoustonI'm Your Baby Tonight
32.7%
Stevie WonderI Wish
32.7%
RihannaS&M
32.7%
Michael Jackson/Jackson 5The Love You Save
32.7%
Diana Ross and the SupremesLove Child
32.7%
Diana Ross and the SupremesUpside Down
32.7%
Diana Ross and the SupremesEndless Love
32.7%
Mariah CareyAlways Be My Baby
32.7%
George Michael/Wham!Everything She Wants
32.7%
Artist Song % Correct
The BeatlesCan't Buy Me Love
32.7%
Janet JacksonWhen I Think of You
30.9%
RihannaRude Boy
30.9%
The BeatlesCome Together
30.9%
Janet JacksonTogether Again
29.1%
Whitney HoustonDidn't We Almost Have it All?
29.1%
Elvis PresleyDon't Be Cruel
29.1%
Whitney HoustonWhere Do Broken Hearts Go?
27.3%
RihannaWhat's my Name?
27.3%
Diana Ross and the SupremesWhere Did Our Love Go?
27.3%
Diana Ross and the SupremesYou Can't Hurry Love
27.3%
Diana Ross and the SupremesAin't No Mountain High Enough
27.3%
Mariah CareyLove Takes Time
27.3%
Mariah CareyHoney
27.3%
George Michael/Wham!One More Try
27.3%
Janet JacksonDoesn't Really Matter
25.5%
Whitney HoustonAll the Man that I Need
25.5%
Diana Ross and the SupremesLove Hangover
25.5%
Elvis PresleyAre You Lonesome Tonight?
25.5%
George Michael/Wham!Praying for Time
25.5%
George Michael/Wham!Don't Let the Sun Go Down on Me
25.5%
Mariah CareyMy All
23.6%
Mariah CareyHeartbreaker
23.6%
Mariah CareyDon't Forget about Us
23.6%
Mariah CareyTouch My Body
23.6%
Diana Ross and the SupremesYou Keep Me Hangin' On
21.8%
Mariah CareyI Don't Wanna Cry
21.8%
Mariah CareyThank God I Found You
20%
Elvis PresleyAll Shook Up
20%
Elvis PresleyTeddy Bear
20%
Diana Ross and the SupremesCome See About Me
18.2%
Diana Ross and the SupremesI Hear a Symphony
18.2%
Diana Ross and the SupremesSomeday We'll Be Together
18.2%
The BeatlesI Feel Fine
18.2%
Diana Ross and the SupremesTheme from Mahogany
16.4%
Elvis PresleyIt's Now or Never
16.4%
George Michael/Wham!I Knew You Were Waiting for Me
16.4%
The BeatlesWe Can Work it Out
16.4%
Stevie WonderYou Haven't Done Nothin'
14.5%
Diana Ross and the SupremesTouch Me in the Morning
14.5%
Diana Ross and the SupremesBack in My Arms Again
10.9%
Diana Ross and the SupremesLove is Here and Now You're Gone
10.9%
Diana Ross and the SupremesThe Happening
10.9%
Elvis PresleyA Big Hunk O' Love
9.1%
Elvis PresleyHard Headed Woman
7.3%
Elvis PresleySurrender
5.5%
Elvis PresleyI Want You, I Need You, I Love You
5.5%
Elvis PresleyToo Much
5.5%
Elvis PresleyStuck on You
3.6%
Elvis PresleyGood Luck Charm
3.6%

You're not logged in!

Compare scores with friends on all Sporcle quizzes.
Sign Up with Email
OR
Log In

You Might Also Like...

Show Comments

Extras

Top Quizzes Today


Score Distribution

Your Account Isn't Verified!

In order to create a playlist on Sporcle, you need to verify the email address you used during registration. Go to your Sporcle Settings to finish the process.